Movies Quiz

Random Movies or DC Comics Quiz

Which Joker Said It? Quiz Stats

 Plays Quiz not verified by Sporcle

Score 0/20 Timer 03:00
0 Plays Today
Question Answer Wrong Answers
'You ever dance with the devil in the pale moonlight?' Jack Nicholson
80%
Cesar Romero
5.7%
Heath Ledger
5.2%
Jared Leto
3.9%
'Do I really look like a guy with a plan?' Heath Ledger
72.5%
Cesar Romero
6.1%
Jack Nicholson
9.3%
Jared Leto
6.9%
'I believe whatever doesn't kill you, simply makes you stranger.' Heath Ledger
71.2%
Cesar Romero
6.1%
Jack Nicholson
9.7%
Jared Leto
7.7%
'You see, madness, as you know, is like gravity. All it takes is a little push!' Heath Ledger
68.3%
Cesar Romero
6.7%
Jack Nicholson
11.2%
Jared Leto
8.6%
'I'll have it, by all the saints of wicked mirth, I'll have it. The last laugh will still be mine!' Cesar Romero
67.8%
Jack Nicholson
14.2%
Heath Ledger
4.7%
Jared Leto
7.4%
'A joke a day keeps the gloom away!' Cesar Romero
63.2%
Jack Nicholson
19.9%
Heath Ledger
4.2%
Jared Leto
6.8%
'I think you and I are destined to do this forever.' Heath Ledger
62.8%
Cesar Romero
8.6%
Jack Nicholson
12.5%
Jared Leto
9.9%
'You're just a freak, like me!' Heath Ledger
62.5%
Cesar Romero
7%
Jack Nicholson
12.8%
Jared Leto
12.2%
'This city deserves a better class of criminal.' Heath Ledger
61.9%
Cesar Romero
6.3%
Jack Nicholson
22.4%
Jared Leto
3.6%
'Where does he get those wonderful toys?' Jack Nicholson
60.5%
Cesar Romero
14.1%
Heath Ledger
10.8%
Jared Leto
8.6%
'I'm not gonna kill you. I'm just gonna hurt you. Really, really bad.' Jared Leto
59.8%
Cesar Romero
5.5%
Jack Nicholson
8.8%
Heath Ledger
20.5%
'This town needs an enema!' Jack Nicholson
59.2%
Cesar Romero
11.3%
Heath Ledger
11.6%
Jared Leto
12.3%
'I'm afraid they'll find our humor very, very dry!' Cesar Romero
54.9%
Jack Nicholson
18.6%
Heath Ledger
6.2%
Jared Leto
14.4%
'Have you heard this one? It'll kill you, Batman!' Cesar Romero
54.4%
Jack Nicholson
24.7%
Heath Ledger
7.7%
Jared Leto
7.5%
'Haven't you ever heard of the healing power of laughter?' Jack Nicholson
51.4%
Cesar Romero
25.2%
Heath Ledger
9.7%
Jared Leto
8.3%
'All of that chit chat's gonna get you hurt.' Jared Leto
50.9%
Cesar Romero
17.4%
Jack Nicholson
16.3%
Heath Ledger
9.1%
'Desire becomes surrender. Surrender becomes power.' Jared Leto
50.4%
Cesar Romero
13.6%
Jack Nicholson
15.4%
Heath Ledger
14.7%
'I am the world's first fully functioning homicidal artist.' Jack Nicholson
50.3%
Cesar Romero
11%
Heath Ledger
12.7%
Jared Leto
19.7%
'Do I look like I'm joking?' Jack Nicholson
50.2%
Cesar Romero
11.9%
Heath Ledger
19.9%
Jared Leto
13%
'You know I'd do anything for you. By the way, I've got some grape soda on ice and a bear skin rug waiting.' Jared Leto
44.3%
Cesar Romero
25.5%
Jack Nicholson
19.9%
Heath Ledger
4.7%

You're not logged in!

Compare scores with friends on all Sporcle quizzes.
OR
Log In

You Might Also Like...

Show Comments

Extras

Top Quizzes Today


Score Distribution

Your Account Isn't Verified!

In order to create a playlist on Sporcle, you need to verify the email address you used during registration. Go to your Sporcle Settings to finish the process.

Report this User

Report this user for behavior that violates our Community Guidelines.

Details: